Words Containing Foods - Statistics

General Stats
  • This quiz has been taken 67 times
  • The average score is 3 of 14
Answer Stats
Hint For The Word Answer % Correct
______ Harbor Was Attacked In 1941 Pearl
77%
Past Tense Verb Of Spy Spied
62%
A Common Water Vehicle Boat
52%
Country Name #2 Turkey
48%
An Underground Transportation Tunnel Subway
29%
Country Name Chile
22%
Another Word For 'Goo' Slime
14%
To Bloom, Or Grow Rapidly Flourish
6%
Body Of Water And Group Of Islands Caribbean
5%
Leg Armor Or Pants Leggings
3%
To Struggle Grapple
2%
A Gathering Of Celebration Jamboree
0%
To Mock Or Joke Scorn
0%
An Assistant For An Important Person Steward
0%
No matching quizzes found
Score Distribution
Percent of People with Each Score
Percentile by Number Answered
Your Score History
You have not taken this quiz